LEADER 01827oam 2200457 450 001 9910708656503321 005 20170406141944.0 035 $a(CKB)5470000002470661 035 $a(OCoLC)889723449 035 $a(EXLCZ)995470000002470661 100 $a20140901d1996 ua 0 101 0 $aeng 135 $aur||||||||||| 181 $ctxt$2rdacontent 182 $cc$2rdamedia 183 $acr$2rdacarrier 200 14$aThe Bisbee Group of the Tombstone Hills, southeastern Arizona $estratigraphy, structure, metamorphism, and mineralization /$fby Eric R. Force 210 1$aWashington :$cUnited States Government Printing Office,$d1996. 215 $a1 online resource (iv, 22 pages) $cillustrations, maps (some color) 225 1 $aU.S. Geological Survey bulletin ;$v2042-B 225 1 $aMineral resource studies along the Sierrita-Mogollon Transect, Arizona-New Mexico 300 $aTitle from title screen (viewed August 28, 2014). 300 $a"Unraveling the complex geology of major host rocks makes possible a better understanding of ore deposits in the Tombstone Basin area." 320 $aIncludes bibliographical references (pages B21-B22). 517 $aBisbee Group of the Tombstone Hills, southeastern Arizona 606 $aGeology$zArizona$zTombstone Hills Region 606 $aMines and mineral resources$zArizona$zTombstone Hills Region 607 $aBisbee Group (Ariz. and N.M.) 615 0$aGeology 615 0$aMines and mineral resources 700 $aForce$b Eric R.$01212693 712 02$aGeological Survey (U.S.), 801 0$bCOP 801 1$bCOP 801 2$bOCLCO 801 2$bTRAAL 801 2$bGPO 906 $aBOOK 912 $a9910708656503321 996 $aThe Bisbee Group of the Tombstone Hills, southeastern Arizona$93549058 997 $aUNINA LEADER 01182nam0-22003011i-450 001 990005519420403321 005 20251216172408.0 035 $a000551942 035 $aFED01000551942 035 $a(Aleph)000551942FED01 100 $a19990604d1936----km-y0itay50------ba 101 0 $afre 102 $aFR 105 $ay-------001yy 200 1 $aHistoire religieuse des règnes de Corneille de Berghes et de Georges d'Autriche princes évèques de Liège (1538-1557)$eRéforme protestante et Réforme Catholique au Diocèse de Liège$fpar Léon-E. Halkin 210 $aParis$c"Les Belles Lettres"$d1936 215 $a436 p.$d26 cm 225 1 $aBibliothèque de la Faculté de Philosophie et Lettres de l'Université de Liège$v72 610 0 $aRiforma protestante$aStoria 676 $a270.6$v21$zita 700 1$aHalkin,$bLéon-Ernest$f<1906-1998>$0422981 801 0$aIT$bUNINA$gRICA$2UNIMARC 901 $aBK 912 $a990005519420403321 952 $a270.6 HAL 1$bST.MED.MOD. 692$fFLFBC 959 $aFLFBC 996 $aHistoire religieuse des règnes de Corneille de Berghes et de Georges d'Autriche, princes-évêques de Liège (1538-1557)$91891694 997 $aUNINA